000
00409nam a2200145Ia 4500
008
100204s9999 xx 000 0 und d
082
_b
6770
100
_a
लागू चिंतामणी
245
_a
तुफान
260
_b
"दिलिप प्रकाशन , मुंबई"
_c
1984
300
_a
260
630
_a
तुफान
730
_a
तुफान
942
_c
BOOK
999
_c
451208
_d
451205